000 00536nam a2200193 i 4500
001 39275
003 ES-MaACL
005 20250812082724.0
007 t|
008 030227s1968 sp ||||1| spa d
100 1 _aCalle, Ramiro A.
_933700
245 1 0 _aZen y artes marciales japonesas /
_cRamiro A. Calle.
260 _aBarcelona :
_bCedel,
_c1968.
300 _a251 p., 4 lám. ;
_c16 cm.
650 4 _aBudismo Zen.
_910639
650 7 _aArtes marciales
_2embne
_9173827
852 4 _aES-MaACL
_jC-36127
999 _c39275
_d39275